Las empresas de la reforma agraria peruana 40 años después (Registro nro. 21811)

Detalles MARC
000 -Cabecera
Campo de control interno 00893nam a2200265Ia 4500
005 - Fecha y hora del registro
control field 20260320113314.0
008 - Elementos de Longitud Fija
fixed length control field 260320s9999||||xx |||||||||||||| ||und||
020 ## - ISBN
ISBN 9786124670091
041 ## - Idioma
Codigo Idioma ESP
082 ## - DEWEY y NOTACIÓN INTERNA
Dewey 333.3185
Notación Interna B73
100 ## - AUTOR
Autor denominación Bonfiglio, Giovanni,
Término de relación autor
245 #0 - TÍTULO DE MATERIAL BIBLIOGRÁFICO
Título Las empresas de la reforma agraria peruana 40 años después
Título paralelo
246 ## - TÍTULO TRADUCIDO
Título
Título paralelo
Autor
250 ## - EDICIÓN
Edición Primera edición
260 ## - CIUDAD, EDITORIAL, AÑO
Ciudad Lima :
Nombre de la Editorial Fundación Manuel J. Bustamante de la Fuente,
Año 2019
300 ## - DESCRIPCIÓN
N° Páginas 323 páginas :
Otros detalles láminas, fotografías ;
Dimensiones 24 cm.
Material Adicional
440 ## - MENCIÓN DE SERIE
Título de la Serie
Número de Serie
Volumen de Serie
650 ## - TEMAS
Temas Ciencias Sociales
653 ## - DESCRIPTORES
Lenguajes no controlado Reforma agraria - Perú; Comunidades campesinas - Perú; Cooperativas agrícolas - Perú
654 ## - PROGRAMAS
Programa Dpto. de Humanidades
700 ## - OTROS AUTORES
Otros autores
Títulos y otras palabras asociadas con el nombre
856 ## - URL - UBICACIÓN
URI/URL: Enlace exacto del recurso <a href="https://go-gale-com.ucsp.lookproxy.com/ps/start.do?p=IFME&u=ucsp">https://go-gale-com.ucsp.lookproxy.com/ps/start.do?p=IFME&u=ucsp</a>
Nota pública: Versión digital <a href="Véase además: Base de datos Gale ">Véase además: Base de datos Gale </a>
942 ## - ELEMENTOS DE KOHA
Tipo de documento Libro
Nombre del creador Justo Noguera
Código de catalogador Margarita Torres
Esquema de clasificación Dewey Decimal Classification
Suppress in OPAC
Existencias
Codigo completo Registro Colección Copia número Disponibilidad Biblioteca Actual Procedencia (Biblioteca) Ubicacón Fecha Ingreso Tipo de Adquisición Date last seen Total checkouts Price effective from Tipo de Item Estado del Material Fuente de Clasificación Damaged status Withdrawn status
333.3185 B73 1085371 Universidad Católica San Pablo 1 Disponible Víctor Andrés Belaunde Víctor Andrés Belaunde Planta baja abierta 08/04/2026 Donación 08/04/2026   08/04/2026 Libro Bueno Dewey Decimal Classification